| 000 | 01231nam a2200265 a 4500 | ||
|---|---|---|---|
| 001 | 000000524 | ||
| 005 | 20240502132913.0 | ||
| 008 | 081127s2008 dr 001 0 spa d | ||
| 020 | _a9789945864502 | ||
| 020 | _a9945864505 | ||
| 040 |
_aDO-SdBNP _bspa _cBNPHU |
||
| 082 |
_a234.5 _bA634s |
||
| 100 | 1 |
_aAntoine, Francois D. _91731 |
|
| 245 | 1 | 0 |
_aSiete pasos para alcanzar la salvación / _cFrancois D. Antoine. |
| 246 | 3 | 4 | _a7 pasos para alcanzar la salvación |
| 260 |
_aSanto Domingo : _bImpreso Fernández, _c2008. |
||
| 300 |
_a103 p. ; _c19 cm. |
||
| 505 | 0 |
_tDedicatoria -- _tPrefacio -- _tIntroducción -- _tEl principio del pecado -- _tLa salvación es una obra divina -- _tLa salvación es gratuita -- _tLos siete pasos para alcanzar la salvación -- _tTipos de bautismo -- _t¿Por qué es necesaria la salvación que Dios nos ofrece? -- _tVida después de la conversión -- _tLa oración -- _tLa tentación -- _tConclusión -- _tAgradecimiento -- _tPoema de agradecimiento. |
|
| 590 | _aLibro autografiado por el autor. | ||
| 590 | _aInventariado, 2018/BT | ||
| 650 | 4 |
_aSalvación _xEnseñanza bíblica _91732 |
|
| 650 | 4 |
_aObra evangélica _91733 |
|
| 650 | 0 |
_aCristianismo _9885 |
|
| 910 | _aValidado. Control de calidad. EMS | ||
| 999 |
_c522 _d522 |
||